LEADER 00890cam0 22002651 450 001 SOBE00045895 005 20171116134617.0 100 $a20150216d1856 |||||ita|0103 ba 101 $afre 102 $aBE 200 1 $aMaximes & pensées$fde H. de Balzac 210 $aBruxelles$aLeipzig$cAuguste Schnée et C.e$d1856 215 $a197 p.$d13 cm 225 2 $aCollection Hetzel 410 1$1001SOBE00045896$12001 $a*Collection Hetzel 700 1$aBalzac$b, Honoré : de$3A600200027310$4070$0384773 801 0$aIT$bBEM$c20171116$gRICA 850 $aBEM 852 $aBEM$j1$m00027 912 $aSOBE00045895 940 $aM 102 Monografia moderna SBN 941 $aM 957 $xLibrerie|Verdi$a1$b019$fEx inventario 19855$gNO$cLV$d00027$hLibrerieVerdi$rdono$1tcalvano$2BEM$3BEM$420150216123637.0$520150216135505.0$6tcalvano 996 $aMaximes & pensées$91710547 997 $aUNISOB